Epistemología matemática y psicología (Record no. 33388)

MARC details
000 -LEADER
campo de control de longitud fija 00815nam a2200229 i 4500
001 - NÚMERO DE CONTROL
campo de control 33388
003 - IDENTIFICADOR DE NÚMERO DE CONTROL
campo de control ES-MaACL
005 - FECHA Y HORA DE LA ÚLTIMA TRANSACCIÓN
campo de control 20251013212803.0
007 - CAMPO FIJO DE DESCRIPCIÓN FÍSICA--INFORMACIÓN GENERAL
campo de control de longitud fija t|
008 - DATOS DE LONGITUD FIJA--INFORMACIÓN GENERAL
campo de control de longitud fija 030202s1980 sp ||||1| spa d
100 1# - ENTRADA PRINCIPAL--NOMBRE DE PERSONA
Nombre de persona Beth, Evert W.
9 (RLIN) 28652
245 10 - MENCIÓN DEL TÍTULO
Título Epistemología matemática y psicología
Resto del título : relaciones entre la lógica formal y el pensamiento real /
Mención de responsabilidad, etc. Evert W. Beth, Jean Piaget ; traducción... de Víctor Sánchez de Zavala.
250 ## - MENCION DE EDICION
Mención de edición [2ª ed.].
260 ## - PUBLICACIÓN, DISTRIBUCIÓN, ETC.
Lugar de publicación, distribución, etc. Barcelona :
Nombre del editor, distribuidor, etc. Crítica,
Fecha de publicación, distribución, etc. [1980]
300 ## - DESCRIPCIÓN FÍSICA
Extensión 348 p. ;
Dimensiones 20 cm.
490 1# - MENCIÓN DE SERIE
Mención de serie Estudios y ensayos
700 1# - ENTRADA AGREGADA--NOMBRE PERSONAL
Nombre de persona Piaget, Jean,
Fechas asociadas al nombre 1896-1980
9 (RLIN) 91738
700 1# - ENTRADA AGREGADA--NOMBRE PERSONAL
Nombre de persona Sánchez de Zavala, Víctor,
Fechas asociadas al nombre 1926-1996
9 (RLIN) 102601
830 0# - PUNTO DE ACCESO ADICIONAL DE SERIE-TÍTULO UNIFORME
Título uniforme Estudios y ensayos
9 (RLIN) 181863
852 ## - LOCALIZACIÓN
Ubicación ES-MaACL
Número de control de estantería A-10914
Sublocalización o colección R.100193
Holdings
Estatus retirado Estado de pérdida Estado de daño No para préstamo Biblioteca de origen Biblioteca actual Ubicación en estantería Fecha de adquisición Fuente de adquisición Total de préstamos Signatura topográfica completa Código de barras Visto por última vez Precio de reemplazo Tipo de ítem Koha
        Biblioteca del Ateneo de Madrid Biblioteca del Ateneo de Madrid Depósito 1 17/01/2008     A-10914 1034728 23/02/2023 23/02/2023 Libro impreso